Kurýrní, expresní nebo snad dopravní či zasílatelské služby?
Vysvetlenie pojmov: dopravca, dopravné služby, doprava, prepravné služby, preprava, prepravca, zasielateľ. Vzťahy a rozdiely medzi týmito pojmami. Zvláštne druhy zasielateľských služieb: kuriérne služby, balíkové (balíčkové) služby, expresné služby.
Gespeichert in:
| 1. Verfasser: | |
|---|---|
| Format: | Buchkapitel |
| Sprache: | Tschechisch |
| Schlagworte: | |
| Tags: |
Keine Tags, Fügen Sie das erste Tag hinzu!
|
MARC
| LEADER | 00000naa$a2200000$$$4500 | ||
|---|---|---|---|
| 001 | 0010039 | ||
| 005 | 20231113114558.9 | ||
| 041 | 0 | |a cze | |
| 044 | |a CZ | ||
| 245 | 1 | 0 | |a Kurýrní, expresní nebo snad dopravní či zasílatelské služby? |c aut. Radek Novák |
| 520 | |a Vysvetlenie pojmov: dopravca, dopravné služby, doprava, prepravné služby, preprava, prepravca, zasielateľ. Vzťahy a rozdiely medzi týmito pojmami. Zvláštne druhy zasielateľských služieb: kuriérne služby, balíkové (balíčkové) služby, expresné služby. | ||
| 610 | 2 | 0 | |a doprava |
| 610 | 2 | 0 | |a preprava |
| 610 | 2 | 0 | |a zasielatelia |
| 610 | 2 | 0 | |a služby |
| 610 | 2 | 0 | |a služby dopravné |
| 610 | 2 | 0 | |a pojmy |
| 100 | 1 | |a Novák, Radek | |